| 000 | 00554 a2200157 4500 | ||
|---|---|---|---|
| 008 | 150930b xxu||||| |||| 00| 0 eng d | ||
| 041 | _aEnglish | ||
| 082 | _aCD7603 | ||
| 100 |
_aBhusal, Ram Krishna _936530 |
||
| 245 | _aStudent's achievement in mathematics from community based schools and public based schools at lower secondary level in Kaski district. | ||
| 260 |
_aPokhara _c2010 |
||
| 502 |
_aDissertation _bDegree in edu.math. _cPNC |
||
| 650 |
_aCommunity schools _aCommunity models _aPublic schools |
||
| 653 | _aMathematics | ||
| 942 |
_2ddc _cVM |
||
| 999 |
_c65508 _d65494 |
||